Mikrobiologie, imunologie, epidemiologie a hygiena pro zdravotnické obory

Bibliographic Details
Main Author: Drnková, Barbora (Author)
Format: Book
Language:Czech
PhysicalDescription:134 strán, iv strany obrazových príloh ilustrácie 21 cm
Published: Praha Grada Publishing 2019
ISBN:9788027106936
9788027110834
9788027110827
Edition:1. vydání
Series:Sestra
Subjects:

MARC

LEADER 00000cam a2200000 4500
001 vtls011910209
003 SK-MaSNL
005 20260301144832.0
008 200110s2019 xr oa frp 001 0 cze
020 |a 9788027106936  |q (brožované) 
020 |a 9788027110834  |q (ePub) 
020 |a 9788027110827  |q (pdf) 
040 |a SNK  |b slo  |c SNK  |e rda 
041 0 |a cze  |b cze  |b eng 
044 |a xr  |c CZ 
072 7 |a 61  |x Lekárske vedy. Medicína  |2 konspekt 
072 7 |a 37.016  |x Učebné osnovy. Vyučovacie predmety. Učebnice  |2 konspekt 
080 |a 579  |2 2011 
080 |a 616-097-092.19+577.27  |2 2011 
080 |a 616-036.22  |2 2011 
080 |a 613/614  |2 2011 
080 |a 614.2  |2 2011 
080 |a (075)  |2 2011 
100 1 |a Drnková, Barbora  |4 aut  |9 503718 
245 1 0 |a Mikrobiologie, imunologie, epidemiologie a hygiena  |b pro zdravotnické obory  |c Barbora Drnková 
250 |a 1. vydání 
264 1 |a Praha  |b Grada Publishing  |c 2019 
300 |a 134 strán, iv strany obrazových príloh  |b ilustrácie  |c 21 cm 
336 |a text  |b txt  |2 rdacontent 
337 |a bez média  |b n  |2 rdamedia 
338 |a zväzok  |b nc  |2 rdacarrier 
490 1 |a Sestra 
504 |a Obsahuuje bibliografiu na strane 122-123 ; register na strane 125-132 
546 |a České a anglické resumé 
650 0 7 |a mikrobiológia  |2 SNKPH  |9 3580 
650 0 7 |a imunológia  |2 SNKPH  |9 51082 
650 0 7 |a epidemiológia  |2 SNKPH  |9 836 
650 0 7 |a hygiena  |2 SNKPH  |9 16835 
650 0 7 |a zdravotníctvo  |2 SNKPH  |9 1269 
650 0 7 |a Microbiology  |2 SNKPHeng  |9 270714 
650 0 7 |a Immunology  |2 SNKPHeng  |9 270715 
650 0 7 |a Epidemiology  |2 SNKPHeng  |9 270713 
650 0 7 |a Hygiene  |2 SNKPHeng  |9 336866 
650 0 7 |a Health service  |2 SNKPHeng  |9 265997 
655 7 |a učebnice  |2 SNKPH  |9 22521 
655 7 |a Textbooks  |2 SNKPHeng  |9 276731 
830 0 |a Sestra  |9 310194 
919 |a 978-80-271-0693-6 
919 |a 978-80-271-1083-4 
919 |a 978-80-271-1082-7 
958 |a NB 
958 |a MI 
999 |c 778342  |d 780272 
952 |t snkDRN 61(075)  |a SNKUST  |b SNKUST  |y PREZ  |7 0  |p 17A1428142  |o snkIC 145305  |i snk2020/13159  |8 4  |g 7.22  |0 0  |1 0  |4 0  |d 2020-02-19  |l 0  |r 2025-03-19 00:00:00  |w 2026-02-24